000 00654 a2200193 4500
001 63068
005 20260407155925.0
008 260407a1992 arg spa d
003 AR-UNSa-BCEJYS
040 _aAR-UNSa-BCEJYS
_bspa
_cAR-UNSa-BCEJYS
080 _a378.1
_xOrganización de la Enseñanza Superior (Gestión, Calidad, Costos, Inversión Universitaria)
245 1 0 _aEl financiamiento de la educación universitaria y su racionamiento
264 1 _aBuenos Aires :
_bHarvard Club de Argentina
_c1992
300 _a301 p.
_c28 cm.
041 _aspa
942 _cBK
590 _aniveau_biblio:m niveau_hierar:0
100 1 _aPiffano, Horacio L. P.
999 _c7968
_d7968